| 000 | 00822nac a22002531u 4500 | ||
|---|---|---|---|
| 003 | EG-ScBUE | ||
| 005 | 20221212122536.0 | ||
| 008 | 100610q2004 ko a f 000 0 eng d | ||
| 020 | _a8957700749 | ||
| 020 | _a8957700447 | ||
| 040 |
_aEG-ScBUE _beng _erda _cEG-ScBUE _dEG-ScBUE |
||
| 041 | 0 |
_aeng _ager |
|
| 082 | 0 | 4 |
_a720.943 _222 _bHAS |
| 110 | 2 |
_aHascher Jehle Architektur, _eauthor. |
|
| 245 | 1 | 0 |
_aModern architect / _cHascher Jehle Architektur. |
| 264 | 1 |
_aSeoul, Korea : _bArchiworld, _c[2004?] |
|
| 300 |
_a222 pages : _billustrations (chiefly color) ; _c31 cm |
||
| 546 | _aText in English and German. | ||
| 650 | 7 |
_914674 _aArchitects _zGermany. _2BUEsh |
|
| 650 | 7 |
_914677 _aArchitecture _xHistory _zGermany _y20th century. _2BUEsh |
|
| 653 | _bENGARC | ||
| 655 | _vReading book | ||
| 942 |
_cBB _k720.943 HAS _2ddc |
||
| 999 |
_c3522 _d3522 |
||